00365nam a2200109Ia 4500008004000000082002000040100002600060245006400086260003400150300000800184650006300192210210b1985 xxu||||| |||| 00| 0 eng d a621.381044 GOTP aGOTTLIEB (Irving M). aPower supplies switching regulators inverters & converters. aDelhibBPB publicationsc1985 a437 aPower supplies switching regulators inverters & converters